| 000 | 00819nam a22002657i 4500 | ||
|---|---|---|---|
| 003 | EG-ScBUE | ||
| 005 | 20230612105239.0 | ||
| 008 | 200219t2017 ua b f 000 0 eng d | ||
| 020 | _a9789295097162 | ||
| 040 |
_aEG-ScBUE _beng _erda _cEG-ScBUE _dEG-ScBUE |
||
| 043 | _af------- | ||
| 082 | 0 | 4 |
_222 _a331.89296 _bAKY |
| 100 | 1 |
_aAkyeampong, Emmanuel Kwaku, _eauthor. |
|
| 245 | 1 | 0 |
_aHistory of African trade / _cEmmanuel Akyeampong, Harvard University. |
| 264 | 1 |
_aCairo : _bAfrican Export Import Bank, _c[2017] |
|
| 264 | 4 | _cc2017 | |
| 300 |
_a26 pages : _bmaps ; _c24 cm |
||
| 336 |
_2rdacontent _atext _btxt |
||
| 337 |
_2rdamedia _aunmediated _bn |
||
| 338 |
_2rdacarrier _avolume _bnc |
||
| 651 | 7 |
_aAfrica _xCommerce. _2BUEsh |
|
| 655 | _vReading book | ||
| 942 |
_2ddc _cBB |
||
| 999 |
_c30474 _d30445 |
||